Physics investigations : (Record no. 2977)
[ view plain ]
| 000 -LEADER | |
|---|---|
| fixed length control field | 00664nam a22002177a 4500 |
| 003 - CONTROL NUMBER IDENTIFIER | |
| control field | OSt |
| 005 - DATE AND TIME OF LATEST TRANSACTION | |
| control field | 20151203152448.0 |
| 008 - FIXED-LENGTH DATA ELEMENTS--GENERAL INFORMATION | |
| fixed length control field | 130621t xxu||||| |||| 00| 0 eng d |
| 050 ## - LIBRARY OF CONGRESS CALL NUMBER | |
| Classification number | QC 35 |
| Item number | .K41 2008 vol. 3 |
| 082 ## - DEWEY DECIMAL CLASSIFICATION NUMBER | |
| Classification number | IB 530.02 |
| Item number | K46 2008 |
| 100 ## - MAIN ENTRY--PERSONAL NAME | |
| Personal name | Kerr, Gregg |
| 245 ## - TITLE STATEMENT | |
| Title | Physics investigations : |
| Statement of responsibility, etc | by Gregg Kerr., edited by David Greig |
| Remainder of title | : for the use with the IB diploma programme : vol 3 relevant to the option topics |
| 250 ## - EDITION STATEMENT | |
| Edition statement | 3rd edition |
| 260 ## - PUBLICATION, DISTRIBUTION, ETC. (IMPRINT) | |
| Place of publication, distribution, etc | Victoria, Australia : |
| Name of publisher, distributor, etc | IBID Press, |
| Date of publication, distribution, etc | c2008 |
| 300 ## - PHYSICAL DESCRIPTION | |
| Extent | xiv, 76 p. : |
| Other physical details | ll. ; |
| Dimensions | 28 cm. |
| 562 ## - COPY AND VERSION IDENTIFICATION NOTE | |
| Number of copies | 3 |
| 942 ## - ADDED ENTRY ELEMENTS (KOHA) | |
| Source of classification or shelving scheme | Library of Congress Classification |
| Koha item type | Books |
| Withdrawn status | Lost status | Source of classification or shelving scheme | Damaged status | Home library | Current library | Shelving location | Date acquired | Source of acquisition | Total Checkouts | Full call number | Barcode | Date last seen | Price effective from | Koha item type |
|---|---|---|---|---|---|---|---|---|---|---|---|---|---|---|
| Library of Congress Classification | Luxembourg Library | Luxembourg Library | International Baccalaureate Section | 06/21/2013 | Donation | QC 35 .K41 2008 vol.3 | 16746 | 08/13/2013 | 06/21/2013 | Books |